| 000 | 00472nam a22001697a 4500 | ||
|---|---|---|---|
| 003 | OSt | ||
| 005 | 20140310182339.0 | ||
| 008 | 130313t xxu||||| |||| 00| 0 eng d | ||
| 020 | _a0385241798 | ||
| 050 |
_aQ 163 _b.Se447 1987 |
||
| 082 |
_aQ163 _bSe2 1987 |
||
| 245 |
_aThe physical world _cTony Seddon and Jill Bailey |
||
| 260 |
_aNew York, N.Y. : _bDoubleday & Company, Inc. _c1987 |
||
| 300 |
_c25 cm. _a156 p. : _bill. ; |
||
| 942 |
_2lcc _cBK-GS |
||
| 999 |
_c12110 _d12110 |
||